01191nam a2200325Ia 4500001001200000003000800012006001900020007001500039008004100054010001700095020002600112040002100138035002100159050002900180082001200209245011500221250001200336260003600348300002500384500002000409533015200429650003000581650002000611655002900631700002500660700002000685710001700705856012600722999001700848ebr10344083CaPaEBRm u cr cn|||||||||081212s2009 njua s 001 0 eng d z 2008053437 z9780470222706 (cloth) aCaPaEBRcCaPaEBR a(OCoLC)46343091414aTA418.9.N35bN345 2009eb04a66022200aNanoscale materials in chemistryh[electronic resource] /cedited by Kenneth J. Klabunde and Ryan M. Richards. a2nd ed. aHoboken, N.J. :bWiley,cc2009. axiii, 777 p. :bill. aIncludes index. aElectronic reproduction.bPalo Alto, Calif. :cebrary,d2010.nAvailable via World Wide Web.nAccess may be limited to ebrary affiliated libraries. 0aNanostructured materials. 0aNanotechnology. 7aElectronic books.2local1 aKlabunde, Kenneth J.1 aRichards, Ryan.2 aebrary, Inc.40uhttp://site.ebrary.com/lib/rucke/Doc?id=10344083zAn electronic book accessible through the World Wide Web; click to view c48692d48692